Agriculture : (Record no. 1044)

MARC details
000 -LEADER
fixed length control field 00571nam a22001937a 4500
005 - DATE AND TIME OF LATEST TRANSACTION
control field 20240320074606.0
008 - FIXED-LENGTH DATA ELEMENTS--GENERAL INFORMATION
fixed length control field 240320b |||||||| |||| 00| 0 eng d
020 ## - INTERNATIONAL STANDARD BOOK NUMBER
International Standard Book Number 1841407941
040 ## - CATALOGING SOURCE
Original cataloging agency KMU
Transcribing agency KMU
Modifying agency KMU
050 ## - LIBRARY OF CONGRESS CALL NUMBER
Classification number S 567 Mis
100 ## - MAIN ENTRY--PERSONAL NAME
Personal name Missen David
245 ## - TITLE STATEMENT
Title Agriculture :
Remainder of title An industry accounting and auditing guide /
Statement of responsibility, etc. David Missen and Grant Pilcher
260 ## - PUBLICATION, DISTRIBUTION, ETC.
Place of publication, distribution, etc. London :
Name of publisher, distributor, etc. Wolters kluwer ,
Date of publication, distribution, etc. 2006 .
300 ## - PHYSICAL DESCRIPTION
Extent xiii, 293 pages ;
Dimensions 24 cm.
500 ## - GENERAL NOTE
General note includes an index
650 ## - SUBJECT ADDED ENTRY--TOPICAL TERM
Source of heading or term Lcc
Topical term or geographic name entry element Agriculture
700 ## - ADDED ENTRY--PERSONAL NAME
Personal name Pilcher Grant
942 ## - ADDED ENTRY ELEMENTS (KOHA)
Source of classification or shelving scheme Library of Congress Classification
Koha item type Non-Fiction
Suppress in OPAC No
Holdings
Withdrawn status Lost status Source of classification or shelving scheme Damaged status Not for loan Collection Home library Current library Shelving location Date acquired Source of acquisition Total Checkouts Full call number Barcode Date last seen Date last checked out Price effective from Koha item type
    Library of Congress Classification     Non-fiction Kapasa Makasa University Kapasa Makasa University Open Access 20.03.2024 Book Aid 2 S 567 Mis 740533 17.03.2026 02.03.2026 20.03.2024 Non-Fiction